[Event "A Newbie Tournament!"]
[Site "SchemingMind.com"]
[Date "2009.12.22"]
[Round "-"]
[White "Bricriu"]
[Black "clevercells"]
[Result "0-1"]
[WhiteCountry "IRL"]
[BlackCountry "MAR"]
[WhiteElo "1434"]
[WhiteRD "182"]
[BlackElo "1747"]
[BlackRD "172"]
[GameID "232109"]

1. d4 Nf6 2. Nf3 g6 3. Nc3 Bg7 4. e4 d6 5. Be3 O-O 6. Qd2 Ng4 7. Bg5 f5 8. exf5 Bxf5 9. h3 Nf6 10. g4 Ne4
11. Qe3 Nxg5 12. Nxg5 Bd7 13. Bc4+ e6 14. Bxe6+ Kh8 15. Nf7+ Rxf7 16. Bxf7 Nc6 17. O-O-O Qf6 18. Bb3 Nxd4 19. Ne4 Nxb3+ 20. axb3 Qxb2+
21. Kd2 Re8 22. Qd3 Bc6 23. Rhe1 Re5 24. Nc3 Rc5 25. Na4 Bh6+ 26. Re3 Bxa4 27. bxa4 c6 28. Qb3 Bxe3+ 29. fxe3 Qxb3 30. cxb3 Rd5+
31. Ke2 Rxd1 32. Kxd1 Kg7 33. Kd2 Kf6 34. h4 h5 35. gxh5 gxh5 36. e4 Ke5
0-1

[Event "A Newbie Tournament!"]
[Site "SchemingMind.com"]
[Date "2009.12.22"]
[Round "-"]
[White "clevercells"]
[Black "Bricriu"]
[Result "1-0"]
[WhiteCountry "MAR"]
[BlackCountry "IRL"]
[WhiteElo "1787"]
[WhiteRD "200"]
[BlackElo "1252"]
[BlackRD "240"]
[GameID "232110"]

1. Nf3 d5 2. g3 Nf6 3. Bg2 Bf5 4. O-O e6 5. b3 Be7 6. Bb2 h6 7. Nc3 c6 8. d3 O-O 9. Ne5 Nbd7 10. Nxd7 Nxd7
11. e4 Bh7 12. e5 Nxe5 13. Nxd5 exd5 14. Bxe5 Bf6 15. f4 Re8 16. d4 Qe7 17. c3 g6 18. Qd2 Bxe5 19. fxe5 Kg7 20. Rf6 Qd7
21. Raf1 Bg8 22. R1f4 g5 23. Qe2 gxf4 24. Qh5 Kf8 25. Qxh6+ Ke7 26. Bh3 Qc7 27. gxf4 c5 28. Qg5 Bh7 29. Rc6+
1-0

[Event "A Newbie Tournament!"]
[Site "SchemingMind.com"]
[Date "2009.12.24"]
[Round "-"]
[White "Olli Ylönen"]
[Black "clevercells"]
[Result "0-1"]
[WhiteCountry "FIN"]
[BlackCountry "MAR"]
[WhiteElo "1322"]
[WhiteRD "250"]
[BlackElo "1952"]
[BlackRD "263"]
[GameID "232302"]

1. g3 Nf6 2. Nf3 g6 3. Bg2 Bg7 4. O-O O-O 5. c4 d6 6. d4 c5 7. Be3 Ng4 8. Qd2 Nxe3 9. Qxe3 cxd4 10. Nxd4 Qb6
11. Rd1 Qxb2 12. Nc3 a6 13. Qxe7 Qxc3 14. Bxb7 Ra7 15. Rac1 Rxb7 16. Qxb7 Qxc1 17. Rxc1 Bxb7 18. Nf3 Bxf3 19. exf3 Rc8
0-1

[Event "A Newbie Tournament!"]
[Site "SchemingMind.com"]
[Date "2009.12.24"]
[Round "-"]
[White "Olli Ylönen"]
[Black "Bricriu"]
[Result "0-1"]
[WhiteCountry "FIN"]
[BlackCountry "IRL"]
[WhiteElo "1201"]
[WhiteRD "150"]
[BlackElo "1575"]
[BlackRD "149"]
[GameID "232303"]

1. g3 d5 2. Nf3 Nf6 3. Bg2 Bf5 4. O-O e6 5. d3 h6 6. c3 Be7 7. c4 c6 8. e4 dxe4 9. dxe4 Qxd1 10. Rxd1 Nxe4
11. Nbd2 O-O 12. Nxe4 Bxe4 13. Be3 Bf6 14. Nd4 Bxg2 15. Kxg2 Na6 16. b3 c5 17. Rd2 cxd4 18. Bxd4 Bxd4 19. Rxd4 Rfd8 20. Rad1 Rxd4
21. Rxd4 Kf8 22. f4 Ke7 23. g4 Rd8 24. Rxd8 Kxd8 25. Kf3 Kd7 26. Ke4 Kd6 27. a3 Nb8 28. b4 b6 29. a4 Na6 30. a5 Nxb4
31. axb6 a5 32. c5+ Kxc5
0-1

[Event "A Newbie Tournament!"]
[Site "SchemingMind.com"]
[Date "2009.12.24"]
[Round "-"]
[White "clevercells"]
[Black "Olli Ylönen"]
[Result "1-0"]
[WhiteCountry "MAR"]
[BlackCountry "FIN"]
[WhiteElo "1747"]
[WhiteRD "172"]
[BlackElo "1247"]
[BlackRD "171"]
[GameID "232304"]

1. d4 d6 2. c4 e6 3. e4 Nf6 4. Bd3 c5 5. d5 Be7 6. Nf3 b6 7. O-O O-O 8. Nc3 exd5 9. exd5 Nbd7 10. Re1 h6
11. Qc2 Bb7 12. h3 Ne5 13. Nxe5 dxe5 14. Rxe5 Nd7 15. Re1 Bg5 16. Ne4 Bxc1 17. Raxc1 Ne5 18. Nxc5 Nxd3 19. Nxd3 Re8 20. Qa4 Rxe1+
21. Rxe1 Qf8 22. d6 Qxd6 23. Re8+ Kh7 24. Rxa8 Bxa8 25. Qxa7 Qxd3 26. Qxa8 Qxc4 27. Qa3 b5 28. Qc3 Qxc3 29. bxc3 Kg6 30. Kf1 Kf5
31. Ke2 Ke5 32. c4 bxc4 33. Kd2 Kd4 34. a4 c3+ 35. Kc2 Kc4 36. g4 Kb4 37. f4 Kxa4 38. Kxc3 Kb5 39. Kd4 Kc6 40. Ke5 Kd7
41. h4 f6+ 42. Kf5 Kd6 43. Kg6 Kd5 44. Kxg7 Ke4 45. Kxf6 Kxf4 46. g5 h5 47. g6 Kg4 48. g7 Kxh4 49. g8=Q Kh3 50. Kf5 h4
51. Kf4 Kh2 52. Kf3 h3 53. Qg3+
1-0

[Event "A Newbie Tournament!"]
[Site "SchemingMind.com"]
[Date "2009.12.24"]
[Round "-"]
[White "Bricriu"]
[Black "Olli Ylönen"]
[Result "1-0"]
[WhiteCountry "IRL"]
[BlackCountry "FIN"]
[WhiteElo "1434"]
[WhiteRD "182"]
[BlackElo "1247"]
[BlackRD "171"]
[GameID "232305"]

1. d4 d5 2. Nf3 Nf6 3. e3 e6 4. Bd3 Nc6 5. b3 Bd6 6. Bb2 O-O 7. O-O Qe7 8. Ne5 Nd7 9. Nxc6 bxc6 10. c4 Bb7
11. c5 Bxc5 12. dxc5 Nxc5 13. Ba3 Qf6 14. Qc2 Qxa1 15. Nc3 Qxf1+ 16. Bxf1 Nd7 17. Bxf8 Nxf8 18. Na4 Nd7 19. Nc5 Nxc5 20. Qxc5 Rd8
21. Qxa7 Bc8 22. Qxc7
1-0

[Event "A Newbie Tournament!"]
[Site "SchemingMind.com"]
[Date "2009.12.24"]
[Round "-"]
[White "NAZRIZ1977"]
[Black "clevercells"]
[Result "1-0"]
[WhiteCountry "WLS"]
[BlackCountry "MAR"]
[WhiteElo "1936"]
[WhiteRD "96"]
[BlackElo "1787"]
[BlackRD "200"]
[GameID "232324"]

1. c4 Nf6 2. Nf3 g6 3. Nc3 Bg7 4. g3 O-O 5. Bg2 d6 6. O-O c6 7. d3 Be6 8. Rb1 Nbd7 9. b4 Nb6 10. a4 Qd7
11. a5 Nc8 12. a6 bxa6 13. Nd4 d5 14. Qa4 Bh3 15. Qxc6 Bxg2 16. Kxg2 Nb6 17. c5 Qxc6 18. Nxc6 Nc8 19. Bd2 e6 20. Ra1 Ne8
21. Rxa6 Nc7 22. Ra5 a6 23. Rfa1 Na7 24. Nxa7 Rxa7 25. b5 Raa8 26. b6 Nb5 27. Nxb5 Bxa1 28. Nc7 Be5 29. Nxa8 Rxa8 30. f4 Bf6
31. b7 Rb8 32. c6 Be7 33. c7
1-0

[Event "A Newbie Tournament!"]
[Site "SchemingMind.com"]
[Date "2009.12.24"]
[Round "-"]
[White "NAZRIZ1977"]
[Black "Olli Ylönen"]
[Result "1-0"]
[WhiteCountry "WLS"]
[BlackCountry "FIN"]
[WhiteElo "1936"]
[WhiteRD "96"]
[BlackElo "1208"]
[BlackRD "213"]
[GameID "232325"]

1. c4 e5 2. Nc3 f5 3. d4 Nc6 4. dxe5 Nxe5 5. Qd4 d6 6. Bf4 Qf6 7. Nd5 Qd8 8. Bxe5 dxe5 9. Qxe5+ Ne7 10. O-O-O Qd6
11. Nxc7+ Qxc7 12. Qxc7
1-0

[Event "A Newbie Tournament!"]
[Site "SchemingMind.com"]
[Date "2009.12.24"]
[Round "-"]
[White "NAZRIZ1977"]
[Black "Bricriu"]
[Result "1-0"]
[WhiteCountry "WLS"]
[BlackCountry "IRL"]
[WhiteElo "1936"]
[WhiteRD "96"]
[BlackElo "1252"]
[BlackRD "240"]
[GameID "232326"]

1. c4 c5 2. Nf3 Nc6 3. g3 g6 4. Bg2 Bg7 5. Nc3 e5 6. O-O Nge7 7. d3 O-O 8. Ne1 d6 9. Nc2 f5 10. Rb1 a5
11. a3 Bd7 12. b4 Rb8 13. bxc5 dxc5 14. Ne3 e4 15. Ncd5 Nxd5 16. Nxd5 exd3 17. exd3 Nd4 18. Bf4 Rc8 19. Rxb7 Re8 20. Bc7 Qg5
21. Bxa5 Bc6 22. h4
1-0

[Event "A Newbie Tournament!"]
[Site "SchemingMind.com"]
[Date "2009.12.25"]
[Round "-"]
[White "clevercells"]
[Black "NAZRIZ1977"]
[Result "0-1"]
[WhiteCountry "MAR"]
[BlackCountry "WLS"]
[WhiteElo "1787"]
[WhiteRD "200"]
[BlackElo "1936"]
[BlackRD "96"]
[GameID "232327"]

1. d4 d5 2. c4 dxc4 3. Nc3 e5 4. e3 exd4 5. exd4 Nf6 6. Bxc4 Bd6 7. Nf3 O-O 8. O-O h6 9. Nb5 Bg4 10. Qb3 Nc6
11. Bd2 Ne4 12. Be1 a6 13. Nxd6 Qxd6 14. d5 Nc5 15. Qa3 Bxf3 16. Qxf3 Ne5 17. Qe2 b5 18. Bb3 Nxb3 19. axb3 Qxd5 20. Ba5 c5
21. Rad1 Qe6 22. Rfe1 Rfe8 23. Bc3 Ng6 24. Qh5 Qc6 25. Rxe8+ Rxe8 26. Re1 Rxe1+ 27. Bxe1 Nf4 28. Qg4 Qe4
0-1

[Event "A Newbie Tournament!"]
[Site "SchemingMind.com"]
[Date "2009.12.25"]
[Round "-"]
[White "Olli Ylönen"]
[Black "NAZRIZ1977"]
[Result "0-1"]
[WhiteCountry "FIN"]
[BlackCountry "WLS"]
[WhiteElo "1208"]
[WhiteRD "213"]
[BlackElo "1936"]
[BlackRD "96"]
[GameID "232328"]

1. e4 c6 2. d4 d5 3. exd5 cxd5 4. Nf3 Bg4 5. Be2 Qc7 6. Nc3 Nf6 7. Bg5 e6 8. Bxf6 gxf6 9. Qd2 Nc6 10. h3 Bh5
11. O-O-O a6 12. g4 Bg6 13. Bd3 Bb4 14. a3 Ba5 15. b3 Nb4 16. Kb2 Na2 17. b4 Nxb4 18. axb4 Bxb4 19. Kb3 Ba5 20. Ra1 Qb6+
21. Ka4 Qb4#
0-1

[Event "A Newbie Tournament!"]
[Site "SchemingMind.com"]
[Date "2009.12.25"]
[Round "-"]
[White "Bricriu"]
[Black "NAZRIZ1977"]
[Result "0-1"]
[WhiteCountry "IRL"]
[BlackCountry "WLS"]
[WhiteElo "1252"]
[WhiteRD "240"]
[BlackElo "1936"]
[BlackRD "96"]
[GameID "232329"]

1. d4 d5 2. Nf3 Nf6 3. e3 e6 4. Bd3 c5 5. b3 Nc6 6. O-O Bd6 7. Bb2 O-O 8. Ne5 Qc7 9. f4 cxd4 10. exd4 Nb4
11. Nc3 Nxd3 12. Qxd3 Bd7 13. Rf3 Rac8 14. Rh3 g6 15. Rc1 Bb4 16. g4 Bxc3 17. Bxc3 Ne4 18. Bb4 Rfe8 19. c4 f6 20. Nxd7 Qxd7
21. Be1 f5 22. g5 Qd6 23. Qe3 dxc4 24. bxc4 Red8 25. c5 Qxd4 26. Qxd4 Rxd4 27. c6 bxc6 28. Ra3 Rc7 29. Ra6 c5 30. Rxe6 c4
31. Bc3 Nxc3 32. Rxc3 Rxf4
0-1

[Event "A Newbie Tournament!"]
[Site "SchemingMind.com"]
[Date "2010.01.06"]
[Round "-"]
[White "ashtonkroz"]
[Black "NAZRIZ1977"]
[Result "0-1"]
[WhiteCountry "ENG"]
[BlackCountry "WLS"]
[WhiteElo "1463"]
[WhiteRD "195"]
[BlackElo "1905"]
[BlackRD "72"]
[GameID "233772"]

1. e4 c6 2. d4 d5 3. Nc3 dxe4 4. Nxe4 Bf5 5. Ng3 Bg6 6. Nf3 Nd7 7. Bd3 Bxd3 8. Qxd3 e6 9. O-O Ngf6 10. Ne4 Qc7
11. g3 Bd6 12. Nxd6+ Qxd6 13. Bf4 Qb4 14. b3 O-O 15. Ng5 Rfe8 16. a3 Qb6 17. a4 a5 18. Be5 Rad8 19. Rfe1 h6 20. Bxf6 Nxf6
21. Nf3 c5 22. Rab1 cxd4 23. c3 dxc3 24. Qxc3 Nd5 25. Qe5 Rc8 26. Nd4 Rc5 27. Rbc1 Nc3 28. Qe3 Rec8 29. Ne2 Nxe2+ 30. Qxe2 Rxc1
31. Kg2 Rxe1 32. Qxe1 Qb4 33. Qe3 Rc3 34. Qd2 Rxg3+
0-1

[Event "A Newbie Tournament!"]
[Site "SchemingMind.com"]
[Date "2010.01.05"]
[Round "-"]
[White "ashtonkroz"]
[Black "clevercells"]
[Result "0-1"]
[WhiteCountry "ENG"]
[BlackCountry "MAR"]
[WhiteElo "1478"]
[WhiteRD "200"]
[BlackElo "1787"]
[BlackRD "200"]
[GameID "233773"]

1. e4 c5 2. Nc3 d6 3. Bc4 Nf6 4. h3 e6 5. Nf3 Be7 6. Bb5+ Nc6 7. e5 Nd7 8. exd6 Bxd6 9. d4 O-O 10. Be3 cxd4
11. Nxd4 Nxd4 12. Bxd4 Bc7 13. O-O Be5 14. Bxd7 Bxd4 15. Bxc8 Rxc8 16. Na4 b5 17. Nc3 Bxc3 18. bxc3 Rxc3 19. Qxd8 Rxd8 20. Rfc1 a5
21. a4 b4 22. f3 Rd2 23. Ra2 b3 24. Rb2 Rdxc2 25. Rcxc2 Rxc2 26. Rxb3 Rc8 27. Rb5 Ra8 28. Kf2 g6 29. g4 Kf8 30. Kg3 Ra7
31. f4 Ke7 32. g5 Kf8 33. Kg4 Kg7 34. h4 h5+ 35. gxh6+ Kxh6 36. Rc5 Rd7 37. Rxa5 Rd3 38. Ra7 f5#
0-1

[Event "A Newbie Tournament!"]
[Site "SchemingMind.com"]
[Date "2010.01.05"]
[Round "-"]
[White "ashtonkroz"]
[Black "Olli Ylönen"]
[Result "1-0"]
[WhiteCountry "ENG"]
[BlackCountry "FIN"]
[WhiteElo "1364"]
[WhiteRD "151"]
[BlackElo "1201"]
[BlackRD "150"]
[GameID "233774"]

1. e4 c6 2. d4 d5 3. Nc3 Nf6 4. e5 Ne4 5. Nxe4 dxe4 6. Be3 e6 7. Bc4 Nd7 8. Nh3 b5 9. Bb3 Be7 10. Nf4 f5
11. Bxe6 g6 12. O-O Nb6 13. b3 Nd5 14. Bxc8 Nxe3 15. fxe3 Rxc8 16. c4 a6 17. c5 Bg5 18. b4 Bxf4 19. exf4 O-O 20. Qb3+ Kh8
21. Rad1 Qd5 22. Qxd5 cxd5 23. g3 Ra8 24. a3 a5 25. Ra1 axb4 26. axb4 Kg7 27. c6 Rfc8 28. Rxa8 Rxa8 29. c7 Kf7 30. Rc1 Rc8
31. Rc5 Ke7 32. Rxd5 Rxc7 33. Rxb5 Kd7 34. Rc5 Rxc5 35. bxc5
1-0

[Event "A Newbie Tournament!"]
[Site "SchemingMind.com"]
[Date "2010.01.07"]
[Round "-"]
[White "ashtonkroz"]
[Black "Bricriu"]
[Result "0-1"]
[WhiteCountry "ENG"]
[BlackCountry "IRL"]
[WhiteElo "1364"]
[WhiteRD "151"]
[BlackElo "1575"]
[BlackRD "149"]
[GameID "233775"]

1. e4 c6 2. d4 d5 3. Bd3 dxe4 4. Bxe4 Nf6 5. Nc3 Nxe4 6. Nxe4 Bf5 7. Ng3 Bg6 8. Nf3 Nd7 9. Nh4 e6 10. Nf3 Bd6
11. Ne2 Qc7 12. O-O O-O-O 13. a3 Nf6 14. Be3 Be4 15. Nc3 Bxf3 16. Qxf3 Bxh2+ 17. Kh1 Bd6 18. Bg5 Be7 19. Na4 Rxd4 20. c3 Rxa4
21. Rad1 h6 22. Bf4 Rxf4 23. Qe3 Rh4+ 24. Kg1 Qh2#
0-1

[Event "A Newbie Tournament!"]
[Site "SchemingMind.com"]
[Date "2010.01.06"]
[Round "-"]
[White "NAZRIZ1977"]
[Black "ashtonkroz"]
[Result "1-0"]
[WhiteCountry "WLS"]
[BlackCountry "ENG"]
[WhiteElo "1840"]
[WhiteRD "62"]
[BlackElo "1364"]
[BlackRD "151"]
[GameID "233777"]

1. c4 e5 2. Nc3 Bc5 3. Nf3 Qf6 4. Nd5 Qd6 5. b4 Bxb4 6. Rb1 Nf6 7. Nxb4 O-O 8. e3 Re8 9. Nc2 h6 10. Be2 b6
11. O-O e4 12. Nfd4 Qe5 13. Bb2 Bb7 14. Nb5 Qc5 15. Ba3 Qg5 16. Nxc7 Nc6 17. Nxa8 Bxa8 18. Rb5 Qg6 19. Bh5 Nxh5 20. Qxh5 Qe6
21. Qd5 Ne7 22. Qxe6 dxe6 23. Bxe7 Rxe7 24. Nd4 g6 25. h3 f5 26. Rc1 Kf7 27. f4 exf3 28. Nxf3 g5 29. Ne5+ Kg7 30. c5 bxc5
31. Rbxc5 Bd5 32. Rc7 Rxc7 33. Rxc7+ Kf6 34. d4 Bxa2 35. Re7 Kxe7 36. Nc6+ Kd6 37. Nxa7 f4 38. Nb5+ Ke7 39. Nc3 Bc4 40. exf4 gxf4
41. Kf2 Kd6 42. Kf3 e5 43. dxe5+ Kxe5 44. Nd1 h5 45. Nb2 Bd5+ 46. Kf2 Ke4 47. Na4 h4 48. Nc3+ Kd4 49. Nxd5 Kxd5 50. Kf3 Ke5
51. Kg4 Ke4 52. Kxh4 Kf5 53. Kh5 Kf6 54. Kg4 f3 55. Kxf3 Kg5 56. g4 Kg6 57. Kf4 Kh6 58. h4 Kg6 59. h5+ Kh6 60. Kf5 Kg7
61. g5 Kh7 62. g6+ Kh6 63. Kf6 Kxh5 64. g7
1-0

[Event "A Newbie Tournament!"]
[Site "SchemingMind.com"]
[Date "2010.01.05"]
[Round "-"]
[White "clevercells"]
[Black "ashtonkroz"]
[Result "1-0"]
[WhiteCountry "MAR"]
[BlackCountry "ENG"]
[WhiteElo "1787"]
[WhiteRD "200"]
[BlackElo "1478"]
[BlackRD "200"]
[GameID "233778"]

1. Nf3 Nc6 2. g3 Nf6 3. Bg2 d5 4. O-O e5 5. d3 e4 6. dxe4 dxe4 7. Qxd8+ Nxd8 8. Ng5 Bf5 9. Nc3 c6 10. Ngxe4 Be7
11. Nxf6+ Bxf6 12. Ne4 Bxe4 13. Bxe4 O-O 14. Rd1 Ne6 15. Be3 Ng5 16. Bxg5 Bxg5 17. Rd7 Rab8 18. Rad1 a6 19. R1d3 Rfe8 20. Bf3 g6
21. e3 Bf6 22. Rb3 Re7 23. Rxe7 Bxe7 24. Bxc6 Bd6 25. Rxb7 Rc8 26. Be4 Rc4 27. f3 a5 28. c3 a4 29. Bd5 Rc7 30. Rxc7 Bxc7
31. a3 Kg7 32. Bc6 Bb6 33. Kf2 f5 34. Ke2 Kf6 35. Bxa4 Ke5 36. b4 g5 37. c4 g4 38. f4+ Ke6 39. c5 Bc7 40. b5 Kd5
41. b6 Bd8 42. b7 Bc7 43. Bd7 Kxc5 44. Bxf5 h6 45. e4 Kd4 46. a4 Bb8 47. e5 Kd5 48. Bxg4
1-0

[Event "A Newbie Tournament!"]
[Site "SchemingMind.com"]
[Date "2010.01.05"]
[Round "-"]
[White "Olli Ylönen"]
[Black "ashtonkroz"]
[Result "1-0"]
[WhiteCountry "FIN"]
[BlackCountry "ENG"]
[WhiteElo "1389"]
[WhiteRD "103"]
[BlackElo "1292"]
[BlackRD "128"]
[GameID "233779"]

1. e4 e5 2. Nf3 d5 3. exd5 Qxd5 4. Nc3 Qa5 5. d4 exd4 6. Nxd4 Bb4 7. Qe2+ Ne7 8. Bd2 O-O 9. a3 Bxc3 10. Bxc3 Qg5
11. Nf3 Qg6 12. Qxe7 Qxc2 13. Nd4 Qa4 14. Qxc7 Qd7 15. Qxd7 Bxd7 16. g3 Nc6 17. Bg2 Rfe8+ 18. Ne2 Bg4 19. f3 Bf5 20. Rd1 Bc2
21. Rd7 Nd8 22. f4 Bd3 23. Rxd3 Rb8 24. Bf3 f6 25. O-O Nc6 26. Bxc6 Rxe2 27. Bf3 Ree8 28. Bd4 Rbd8 29. Bxb7 a5 30. Bc6 Re2
31. Bb6 Rxd3 32. Bb5 Rdd2 33. Bxe2 Rxe2 34. Rf2 Re1+ 35. Kg2 a4 36. Rf1 Re2+ 37. Rf2 Re6 38. Bd4 Re4 39. Rd2 f5 40. Kf3 g6
41. h3 h5 42. Be3 Kf7 43. Rd4 Rxd4 44. Bxd4 Ke6 45. Ke3 Kd5 46. Bf6 Ke6 47. Bg5 Kd5 48. Kd3 Kc5 49. Kc3 Kb5 50. Kd4 Kc6
51. Ke5 Kc5 52. Kf6 Kc4 53. Kxg6 Kb3 54. Bf6
1-0

[Event "A Newbie Tournament!"]
[Site "SchemingMind.com"]
[Date "2010.01.07"]
[Round "-"]
[White "Bricriu"]
[Black "ashtonkroz"]
[Result "1-0"]
[WhiteCountry "IRL"]
[BlackCountry "ENG"]
[WhiteElo "1575"]
[WhiteRD "149"]
[BlackElo "1364"]
[BlackRD "151"]
[GameID "233780"]

1. d4 Nf6 2. Nf3 d5 3. e3 Ne4 4. c4 Bg4 5. h3 Bf5 6. Qb3 b6 7. cxd5 g6 8. Bb5+ Bd7 9. a4 Bg7 10. Nc3 Nxc3
11. bxc3 O-O 12. Bd3 e6 13. dxe6 Bxe6 14. Qc2 Nd7 15. Ba3 c5 16. c4 a5 17. Rb1 Re8 18. d5 Bf5 19. Bxf5 gxf5 20. Qxf5 Bc3+
21. Ke2 Bf6 22. Bb2 Ra7 23. Bxf6 Qxf6 24. Qxf6 Nxf6 25. Rxb6 Ne4 26. Nd2 Kg7 27. Nxe4 Rxe4 28. Kd3 Ree7 29. e4 Rec7 30. f4 h5
31. g4 h4 32. e5 Kh7 33. f5 Rcb7 34. Rhb1 Re7 35. e6 fxe6 36. fxe6 Kg6 37. R1b5 Kg5 38. Ke4 Re8 39. Ke5 Ree7 40. d6 Re8
41. Rb7 Rxb7 42. Rxb7
1-0